[Event "HEM Meister-Turnier"]
[Site "Frankfurt-Zeilsheim"]
[Date "2018.??.??"]
[Round "3.6"]
[White "Lutz, Klaus Juergen"]
[Black "Guelsen, Taylan"]
[Result "0-1"]
[WhiteElo "2251"]
[BlackElo "2144"]
[PlyCount "70"]
[EventDate "2018.??.??"]
[EventType "swiss"]
[EventRounds "9"]
[EventCountry "GER"]
[WhiteTeam "SF Neuberg"]
[BlackTeam "SG Niederkassel"]

1. e4 c5 2. a3 a5 3. Nf3 d6 4. d4 cxd4 5. Nxd4 Nf6 6. Nc3 g6 7. Be3 Bg7 8. Be2
O-O 9. f4 Nc6 10. O-O d5 11. e5 Ne4 12. Nxe4 dxe4 13. Nb5 Be6 14. Nc3 f5 15.
Nb5 Rc8 16. Qe1 Qe8 17. Bb6 Qf7 18. Rd1 g5 19. g3 gxf4 20. gxf4 Nxe5 21. fxe5
Rxc2 22. Nd4 Rxb2 23. Bc7 Bc4 24. Nxf5 Rxe2 25. Qg3 Kh8 26. e6 Qg6 27. Qxg6
hxg6 28. Nxg7 Rxf1+ 29. Rxf1 Kxg7 30. Rf7+ Kh6 31. Rxe7 Kg5 32. Re8 e3 33. Bxa5
Rc2 34. h4+ Kg4 35. Rg8 Kh3 0-1

[Event "HEM Meister-Turnier"]
[Site "Frankfurt-Zeilsheim"]
[Date "2018.??.??"]
[Round "3.7"]
[White "Ruppert, Wolfgang"]
[Black "Lubbe, Melanie"]
[Result "0-1"]
[WhiteElo "2165"]
[BlackElo "2312"]
[PlyCount "116"]
[EventDate "2018.??.??"]
[EventType "swiss"]
[EventRounds "9"]
[EventCountry "GER"]
[WhiteTeam "SC Flörsheim"]
[BlackTeam "SF Neuberg"]

1. e4 c5 2. d4 cxd4 3. c3 dxc3 4. Nxc3 e6 5. Nf3 Nc6 6. Bc4 a6 7. O-O b5 8. Bb3
Nge7 9. Bf4 Ng6 10. Bg3 Be7 11. Qe2 O-O 12. e5 f6 13. Rfd1 Qb6 14. exf6 gxf6
15. h4 Rf7 16. h5 Nf8 17. Rac1 b4 18. Na4 Qa7 19. Bf4 a5 20. Be3 Ba6 21. Qd2
Qb7 22. Nc5 Bxc5 23. Rxc5 Bb5 24. h6 d5 25. Nd4 Nxd4 26. Qxd4 Be2 27. Rdc1 a4
28. Bd1 Bxd1 29. Qxd1 Ng6 30. f4 f5 31. Rc6 Re8 32. Qxa4 Qb8 33. Rb6 Qd8 34.
Qxb4 e5 35. fxe5 Nxe5 36. Qd4 f4 37. Bf2 Qg5 38. Rc3 f3 39. g3 Ng4 40. Re3 Nxe3
41. Rb3 Nf5 42. Qxd5 Qc1+ 43. Kh2 Qxh6+ 44. Kg1 Rc8 45. Rc3 Rxc3 46. bxc3 Qd6
47. Qxf3 Ng7 48. Qg4 h6 49. Qe2 Rd7 50. Qc4+ Qd5 51. Qf4 Rb7 52. Kh2 Rb1 53.
Bg1 Qxa2+ 54. Bf2 Qf7 55. Qd4 Ne6 56. Qd2 Qb7 57. g4 Rh1+ 58. Kg3 h5 0-1

[Event "HEM Meister-Turnier"]
[Site "Frankfurt-Zeilsheim"]
[Date "2018.??.??"]
[Round "3.8"]
[White "Krastev, Alexander"]
[Black "Bethke, Richard"]
[Result "1/2-1/2"]
[WhiteElo "2202"]
[BlackElo "2193"]
[PlyCount "45"]
[EventDate "2018.??.??"]
[EventType "swiss"]
[EventRounds "9"]
[EventCountry "GER"]
[WhiteTeam "Biebertaler SF"]
[BlackTeam "SF Neuberg"]

1. e4 e5 2. Bc4 Bc5 3. Nf3 Nc6 4. c3 Nf6 5. d3 O-O 6. O-O d6 7. a4 a6 8. Bg5 h6
9. Bh4 g5 10. Bg3 Bg4 11. Nbd2 Nh5 12. Re1 Nf4 13. Nf1 Qf6 14. Ne3 Be6 15. Nd5
Bxd5 16. exd5 Ne7 17. d4 exd4 18. Bxf4 gxf4 19. b4 Ba7 20. Nxd4 c6 21. dxc6
bxc6 22. Qg4+ Kh8 23. Qh5 1/2-1/2

[Event "HEM Meister-Turnier"]
[Site "Frankfurt-Zeilsheim"]
[Date "2018.??.??"]
[Round "3.9"]
[White "Hahn, Florian"]
[Black "Meyner, Hannes"]
[Result "1-0"]
[WhiteElo "2184"]
[BlackElo "2181"]
[PlyCount "105"]
[EventDate "2018.??.??"]
[EventType "swiss"]
[EventRounds "9"]
[EventCountry "GER"]
[WhiteTeam "SC Herborn"]
[BlackTeam "TG Wehlheiden"]

1. Nf3 d5 2. g3 Nf6 3. Bg2 e6 4. c4 dxc4 5. Qa4+ Bd7 6. Qxc4 c5 7. O-O Bc6 8.
Nc3 Nbd7 9. d3 Be7 10. Qb3 O-O 11. e4 Qb6 12. Qc2 Rfd8 13. Bf4 Rac8 14. Rfd1
Qa5 15. Qe2 Qa6 16. Rac1 Bf8 17. h4 Nb8 18. Bg5 Be7 19. e5 Nd5 20. Nxd5 Bxg5
21. Nxg5 Bxd5 22. Qh5 Bxg2 23. Kxg2 Qc6+ 24. Kg1 Nd7 25. Qxf7+ Kh8 26. Qh5 Nf8
27. Nf7+ Kg8 28. Nxd8 Rxd8 29. d4 c4 30. b3 b5 31. bxc4 bxc4 32. Qe2 Rc8 33.
Qd2 Qd5 34. Qb4 Nd7 35. Qd6 Nb6 36. Rc2 Qxd6 37. exd6 Rd8 38. a4 Nxa4 39. Ra1
Nb6 40. Rxa7 Rxd6 41. Ra6 Kf7 42. Rb2 Nc8 43. Rb7+ Kf6 44. Rxd6 Nxd6 45. Rc7 e5
46. dxe5+ Kxe5 47. Rxg7 c3 48. Kf1 Nc4 49. Rc7 Kd4 50. Ke2 h6 51. f4 Nb6 52. h5
Na4 53. g4 1-0

[Event "HEM Meister-Turnier"]
[Site "Frankfurt-Zeilsheim"]
[Date "2018.??.??"]
[Round "4.1"]
[White "Lagunow, Raphael"]
[Black "Lubbe, Nikolas"]
[Result "0-1"]
[WhiteElo "2368"]
[BlackElo "2453"]
[PlyCount "150"]
[EventDate "2018.??.??"]
[EventType "swiss"]
[EventRounds "9"]
[EventCountry "GER"]
[WhiteTeam "SK Zehlendorf"]
[BlackTeam "SF Neuberg"]

1. Nf3 Nf6 2. c4 e6 3. g3 b6 4. Bg2 Bb7 5. O-O Be7 6. d3 d5 7. cxd5 exd5 8. Nc3
O-O 9. Ne5 c5 10. e4 d4 11. Ne2 Nbd7 12. Nxd7 Qxd7 13. h3 Rfd8 14. g4 c4 15. e5
Bxg2 16. exf6 Bxh3 17. fxe7 Qxe7 18. Nf4 Bxf1 19. Qxf1 Rac8 20. dxc4 d3 21. b3
d2 22. Nd5 Rxd5 23. cxd5 dxc1=R 24. Rxc1 Rd8 25. Qg2 h6 26. Kf1 Qe5 27. Rd1 g6
28. Qf3 Rd6 29. Kg2 a5 30. a4 Qg5 31. Kh3 Qd8 32. Rd3 Kg7 33. Qe4 Qg5 34. f4
Qf6 35. Kg3 Kh7 36. Qe8 Qd8 37. Qe4 Qc7 38. Qe5 Qc5 39. Qd4 Qc1 40. Qe5 Qg1+
41. Kf3 Rd7 42. Rd2 Qb1 43. Qe3 Qc1 44. Rd4 Qh1+ 45. Kg3 Rc7 46. Rc4 Rd7 47.
Rd4 Rxd5 48. Rxd5 Qxd5 49. Qxb6 Qd3+ 50. Kf2 Qd2+ 51. Kf3 Qd1+ 52. Kg3 Qe1+ 53.
Kf3 h5 54. gxh5 gxh5 55. Qb5 Qh1+ 56. Ke3 Qh3+ 57. Kf2 Qh4+ 58. Ke3 Qg3+ 59.
Ke2 Qg4+ 60. Ke3 h4 61. Qxa5 h3 62. Qd5 Qg1+ 63. Ke2 Kg8 64. Qd8+ Kg7 65. f5
Qg4+ 66. Kf2 Qf4+ 67. Kg1 Qg3+ 68. Kf1 h2 69. f6+ Kh7 70. Qd5 Qg1+ 71. Ke2 h1=Q
72. Qxf7+ Kh8 73. Qe8+ Qg8 74. Qe5 Qgg2+ 75. Ke3 Qe1+ 0-1

[Event "HEM Meister-Turnier"]
[Site "Frankfurt-Zeilsheim"]
[Date "2018.??.??"]
[Round "4.2"]
[White "Zude, Arno"]
[Black "Humburg, Philipp"]
[Result "1/2-1/2"]
[WhiteElo "2372"]
[BlackElo "2219"]
[PlyCount "197"]
[EventDate "2018.??.??"]
[EventType "swiss"]
[EventRounds "9"]
[EventCountry "GER"]
[WhiteTeam "SV Hofheim"]
[BlackTeam "Kasseler SK"]

1. e4 e5 2. Nf3 Nf6 3. Nxe5 d6 4. Nf3 Nxe4 5. Nc3 Nxc3 6. dxc3 Be7 7. Be3 Nc6
8. Qd2 Be6 9. O-O-O Qd7 10. b3 O-O-O 11. Ng5 Bxg5 12. Bxg5 Rde8 13. h3 Kb8 14.
Bb5 a6 15. Be2 Bf5 16. Rhe1 f6 17. Be3 Re7 18. f3 Qe8 19. Bf2 Bg6 20. Bc4 Bf7
21. Bf1 Qd7 22. Rxe7 Qxe7 23. Re1 Qd8 24. f4 Re8 25. Bd3 h5 26. Be4 Qd7 27. Qd3
Re7 28. Kd2 d5 29. Bf3 Rxe1 30. Kxe1 g6 31. Kf1 Qe6 32. a4 Ne7 33. Qd4 Nc6 34.
Qc5 Qe7 35. Qxe7 Nxe7 36. Bh4 Ng8 37. a5 Kc8 38. b4 c6 39. Ke2 Be6 40. Ke3 Bf5
41. Bd1 Be4 42. g4 hxg4 43. hxg4 Kd7 44. c4 Ke6 45. cxd5+ Bxd5 46. Kd4 Ne7 47.
Kc5 Nc8 48. Be2 Ke7 49. Bd3 Bf3 50. Bxg6 Bxg4 51. Be4 Ke6 52. Bd3 Bf5 53. Bc4+
Ke7 54. c3 Bg4 55. Bd3 Ke6 56. Bf2 Bh3 57. Kd4 Nd6 58. Ke3 Bf5 59. Be2 Kd5 60.
Bf3+ Ke6 61. Ke2 Be4 62. Bg4+ f5 63. Bh5 Nc4 64. Bc5 Bc2 65. Kf2 Bd3 66. Kf3
Be4+ 67. Kg3 Na3 68. Bd4 Nc2 69. Bf2 Na3 70. Bd1 Nc2 71. Kh4 Na3 72. Kg5 Bd3
73. Bf3 Nb5 74. Be1 Nd6 75. Kg6 Ne4 76. Bg2 Nf6 77. Bf3 Ne4 78. Bd1 Nd6 79.
Bb3+ Nc4 80. Kg5 Kd5 81. Bf2 Ke4 82. Bc5 Nd2 83. Be6 Nf3+ 84. Kf6 Kxf4 85. Bc8
Ng5 86. Bd6+ Kg4 87. Be5 Ne4+ 88. Ke7 Kg5 89. Bxb7 f4 90. Bxc6 f3 91. Bxe4 Bxe4
92. Bd4 Bd3 93. Kd6 Kf5 94. Bf2 Ke4 95. Bg3 Bc4 96. Kc5 Kd3 97. Be1 Bb5 98. Kd5
Bc4+ 99. Kc5 1/2-1/2

[Event "HEM Meister-Turnier"]
[Site "Frankfurt-Zeilsheim"]
[Date "2018.??.??"]
[Round "4.3"]
[White "Guelsen, Taylan"]
[Black "Lesny, Florian"]
[Result "1-0"]
[WhiteElo "2144"]
[BlackElo "2018"]
[PlyCount "173"]
[EventDate "2018.??.??"]
[EventType "swiss"]
[EventRounds "9"]
[EventCountry "GER"]
[WhiteTeam "SG Niederkassel"]
[BlackTeam "SK Niederbrechen"]

1. d4 d5 2. c4 c6 3. cxd5 cxd5 4. Bf4 Nc6 5. Nc3 Nf6 6. e3 Bf5 7. Qb3 Na5 8.
Qa4+ Bd7 9. Qc2 e6 10. Nf3 Be7 11. h3 Rc8 12. Bd3 Nc6 13. a3 a6 14. O-O O-O 15.
Ne5 Be8 16. Qe2 Bd6 17. Nxc6 Bxc6 18. Bxd6 Qxd6 19. f4 Ne4 20. Bxe4 dxe4 21.
Rac1 Rc7 22. b4 Rfc8 23. Qb2 b5 24. Ne2 Bd5 25. Rc5 f5 26. Rfc1 Bc4 27. Nc3
Rxc5 28. bxc5 Qc6 29. a4 bxa4 30. Qb4 Bb3 31. Ra1 Rc7 32. Nxa4 Bxa4 33. Qxa4
Qxa4 34. Rxa4 Ra7 35. Kf2 Kf7 36. Ke2 Ke7 37. Kd2 Kd7 38. Kc3 Kc7 39. g4 fxg4
40. hxg4 g6 41. g5 Kc6 42. Kc4 a5 43. Ra3 Ra8 44. Rb3 Ra6 45. Rb2 Ra7 46. Rb6+
Kd7 47. Kb3 a4+ 48. Ka3 Ke7 49. Rb4 Kd7 50. Rxa4 Rb7 51. Rb4 Ra7+ 52. Kb3 Ra1
53. Rb7+ Kc6 54. Rb6+ Kd7 55. Kc2 Ra3 56. Rb3 Ra2+ 57. Rb2 Ra3 58. Rb3 Ra2+ 59.
Kc3 Re2 60. Kc4 Kc6 61. Rb6+ Kd7 62. d5 exd5+ 63. Kxd5 Rxe3 64. Rb7+ Kc8 65.
Rxh7 Re1 66. Rg7 e3 67. Ke4 e2 68. Ke3 Rf1 69. Kxe2 Rxf4 70. Rxg6 Kd7 71. Ke3
Rc4 72. c6+ Ke7 73. Kd3 Rg4 74. c7 Kd7 75. Rg7+ Kc8 76. Ke3 Kb7 77. Kf3 Ra4 78.
Re7 Ra3+ 79. Kg4 Ra4+ 80. Kh5 Ra5 81. Kh6 Ra6+ 82. g6 Ra1 83. Kh7 Rh1+ 84. Kg8
Rg1 85. g7 Rg2 86. Kf8 Rf2+ 87. Rf7 1-0

[Event "HEM Meister-Turnier"]
[Site "Frankfurt-Zeilsheim"]
[Date "2018.??.??"]
[Round "4.4"]
[White "Lubbe, Melanie"]
[Black "Everett, Elijah"]
[Result "1-0"]
[WhiteElo "2312"]
[BlackElo "2160"]
[PlyCount "77"]
[EventDate "2018.??.??"]
[EventType "swiss"]
[EventRounds "9"]
[EventCountry "GER"]
[WhiteTeam "SF Neuberg"]
[BlackTeam "SF Schöneck"]

1. e4 c5 2. Nf3 d6 3. d4 cxd4 4. Nxd4 Nf6 5. Nc3 a6 6. Be3 e5 7. Nf3 Qc7 8. a4
Be7 9. Be2 O-O 10. O-O b6 11. Nd2 Bb7 12. Nc4 Nbd7 13. f3 Rfd8 14. a5 b5 15.
Nb6 Rab8 16. Kh1 Re8 17. Qd2 Nxb6 18. Bxb6 Qc6 19. Rfd1 Rbc8 20. Rac1 h6 21.
Qd3 Nd7 22. Nd5 Bg5 23. Be3 Nc5 24. Qd2 Bxe3 25. Qxe3 Na4 26. Qb3 Qc5 27. Bf1
Qf2 28. Nb4 Red8 29. Nd3 Qd4 30. c4 Rxc4 31. Nxe5 Rxc1 32. Qxf7+ Kh8 33. Ng6+
Kh7 34. Rxc1 Qxb2 35. Rc7 Qa1 36. h4 Qxf1+ 37. Kh2 Qa1 38. e5 Rg8 39. Qf5 1-0

[Event "HEM Meister-Turnier"]
[Site "Frankfurt-Zeilsheim"]
[Date "2018.??.??"]
[Round "4.5"]
[White "Dorst, Johannes"]
[Black "Hahn, Florian"]
[Result "1/2-1/2"]
[WhiteElo "2269"]
[BlackElo "2184"]
[PlyCount "26"]
[EventDate "2018.??.??"]
[EventType "swiss"]
[EventRounds "9"]
[EventCountry "GER"]
[WhiteTeam "SK Marburg"]
[BlackTeam "SC Herborn"]

1. e4 c5 2. Nf3 g6 3. d4 cxd4 4. Qxd4 Nf6 5. e5 Nc6 6. Qa4 Nd5 7. Qe4 Nb6 8.
Bf4 Bg7 9. Nc3 d5 10. exd6 Bf5 11. Qe3 O-O 12. O-O-O exd6 13. Qd2 Re8 1/2-1/2

[Event "HEM Meister-Turnier"]
[Site "Frankfurt-Zeilsheim"]
[Date "2018.??.??"]
[Round "4.6"]
[White "Kersten, Uwe"]
[Black "Weber, Samuel"]
[Result "1-0"]
[WhiteElo "2243"]
[BlackElo "2084"]
[PlyCount "89"]
[EventDate "2018.??.??"]
[EventType "swiss"]
[EventRounds "9"]
[EventCountry "GER"]
[WhiteTeam "Kasseler SK"]
[BlackTeam "SV Oberursel"]

1. e4 e5 2. Nf3 Nc6 3. Bc4 Bc5 4. O-O Nf6 5. d4 Bxd4 6. Nxd4 Nxd4 7. Bg5 d6 8.
f4 Be6 9. Na3 Qe7 10. fxe5 dxe5 11. Rf2 O-O-O 12. Qf1 Bxc4 13. Nxc4 Qc5 14.
Bxf6 gxf6 15. Kh1 Ne6 16. c3 Rhg8 17. b4 Qc6 18. Rxf6 b5 19. Nxe5 Qxe4 20. Re1
Qd5 21. Nxf7 Rde8 22. Re5 Qxa2 23. Rf2 Qa6 24. Rfe2 Qc6 25. Qf5 Rg6 26. R5e3
Kb8 27. Ne5 Qd5 28. Rd3 Qb3 29. Qe4 Qb1+ 30. Re1 Qa2 31. Nxg6 hxg6 32. Qd5 Qxd5
33. Rxd5 Rf8 34. Rxb5+ Kc8 35. Kg1 Ng7 36. g4 Ne8 37. Rf1 Rh8 38. Kg2 Nd6 39.
Rg5 Ne4 40. Rxg6 Nxc3 41. Rgf6 Kb7 42. Rf8 Rh7 43. g5 Nd5 44. Kg3 Nxb4 45. R1f7
1-0

[Event "HEM Meister-Turnier"]
[Site "Frankfurt-Zeilsheim"]
[Date "2018.??.??"]
[Round "4.7"]
[White "Alber, Horst"]
[Black "Bonnaire, Ulrich"]
[Result "1-0"]
[WhiteElo "2290"]
[BlackElo "2208"]
[PlyCount "53"]
[EventDate "2018.??.??"]
[EventType "swiss"]
[EventRounds "9"]
[EventCountry "GER"]
[WhiteTeam "SK Marburg"]
[BlackTeam "SC Frankfurt-West"]

1. d4 d5 2. c4 dxc4 3. Nf3 Nf6 4. Nc3 a6 5. a4 Nc6 6. e4 Bg4 7. Be3 e5 8. d5
Na5 9. h3 Bxf3 10. Qxf3 Nd7 11. Qg3 Qf6 12. Be2 Bd6 13. h4 Qg6 14. Qh3 h5 15.
g3 Bb4 16. Qg2 Nc5 17. O-O Bxc3 18. Bxc5 Bxb2 19. Rab1 c3 20. Qf3 Nb3 21. Rxb2
Nxc5 22. Qxc3 Nxa4 23. Qxe5+ Kf8 24. Rxb7 Qd6 25. Qd4 Nc5 26. e5 Ne6 27. Qc4
1-0

[Event "HEM Meister-Turnier"]
[Site "Frankfurt-Zeilsheim"]
[Date "2018.??.??"]
[Round "4.8"]
[White "Bethke, Richard"]
[Black "Lutz, Klaus Juergen"]
[Result "1/2-1/2"]
[WhiteElo "2193"]
[BlackElo "2251"]
[PlyCount "33"]
[EventDate "2018.??.??"]
[EventType "swiss"]
[EventRounds "9"]
[EventCountry "GER"]
[WhiteTeam "SF Neuberg"]
[BlackTeam "SF Neuberg"]

1. e4 d5 2. exd5 Qxd5 3. Nc3 Qd8 4. Bc4 Nf6 5. Nf3 Bf5 6. d4 e6 7. O-O c6 8. h3
Bd6 9. Nh4 Bg6 10. Nxg6 hxg6 11. Qf3 O-O 12. Ne4 Nxe4 13. Qxe4 Nd7 14. Be3 Nf6
15. Qf3 Nd5 16. Bxd5 exd5 17. c3 1/2-1/2

[Event "HEM Meister-Turnier"]
[Site "Frankfurt-Zeilsheim"]
[Date "2018.??.??"]
[Round "4.9"]
[White "Ruppert, Wolfgang"]
[Black "Krastev, Alexander"]
[Result "1/2-1/2"]
[WhiteElo "2165"]
[BlackElo "2202"]
[PlyCount "49"]
[EventDate "2018.??.??"]
[EventType "swiss"]
[EventRounds "9"]
[EventCountry "GER"]
[WhiteTeam "SC Flörsheim"]
[BlackTeam "Biebertaler SF"]

1. d4 Nf6 2. Bf4 b6 3. e3 Bb7 4. Nf3 e6 5. h3 d6 6. Nbd2 Nbd7 7. Be2 g6 8. O-O
Bg7 9. c4 O-O 10. Bh2 Qe7 11. Qc2 a5 12. Nb1 Ne4 13. Nfd2 Nxd2 14. Qxd2 f5 15.
Nc3 Nf6 16. a3 e5 17. Rfe1 h6 18. Rac1 Rad8 19. b4 axb4 20. axb4 c5 21. bxc5
bxc5 22. d5 Ra8 23. Rb1 Rfb8 24. Qc2 Ne8 25. Rb6 1/2-1/2

[Event "HEM Meister-Turnier"]
[Site "Frankfurt-Zeilsheim"]
[Date "2018.??.??"]
[Round "5.1"]
[White "Lubbe, Nikolas"]
[Black "Guelsen, Taylan"]
[Result "1-0"]
[WhiteElo "2453"]
[BlackElo "2144"]
[PlyCount "101"]
[EventDate "2018.??.??"]
[EventType "swiss"]
[EventRounds "9"]
[EventCountry "GER"]
[WhiteTeam "SF Neuberg"]
[BlackTeam "SG Niederkassel"]

1. Nf3 Nf6 2. d4 e6 3. c4 d5 4. Nc3 dxc4 5. e4 Bb4 6. Bxc4 c5 7. e5 cxd4 8.
Qxd4 Qxd4 9. Nxd4 Ne4 10. Ndb5 Na6 11. O-O Nxc3 12. bxc3 Be7 13. Be3 O-O 14.
Nxa7 Nc5 15. Nxc8 Rfxc8 16. Be2 Ra3 17. Rfc1 g6 18. g3 Rca8 19. Rc2 Kg7 20. Bf3
R8a7 21. Kg2 h5 22. h4 R7a5 23. Rb1 b5 24. Bd4 Rxa2 25. Rxa2 Rxa2 26. Rxb5 Nd3
27. Be4 Ne1+ 28. Kf1 Nc2 29. Bxc2 Rxc2 30. Rb7 Bd8 31. Rb8 Ba5 32. Rc8 Kh6 33.
Kg2 g5 34. hxg5+ Kxg5 35. Kf3 Kg6 36. Ke4 Rc1 37. Kd3 Rd1+ 38. Kc4 Rb1 39. Rg8+
Kh7 40. Ra8 Bb6 41. Rb8 Bxd4 42. Rxb1 Bxf2 43. Rf1 Bxg3 44. Rxf7+ Kg6 45. Rf6+
Kg5 46. Rxe6 h4 47. Re8 h3 48. Rg8+ Kf4 49. e6 Bh4 50. Rh8 Kg4 51. Rxh4+ 1-0

[Event "HEM Meister-Turnier"]
[Site "Frankfurt-Zeilsheim"]
[Date "2018.??.??"]
[Round "5.2"]
[White "Humburg, Philipp"]
[Black "Lagunow, Raphael"]
[Result "1/2-1/2"]
[WhiteElo "2219"]
[BlackElo "2368"]
[PlyCount "77"]
[EventDate "2018.??.??"]
[EventType "swiss"]
[EventRounds "9"]
[EventCountry "GER"]
[WhiteTeam "Kasseler SK"]
[BlackTeam "SK Zehlendorf"]

1. d4 d5 2. c4 c6 3. cxd5 cxd5 4. Nc3 Nc6 5. Nf3 Nf6 6. Bf4 Ne4 7. e3 Nxc3 8.
bxc3 e6 9. Bd3 Bd6 10. Bxd6 Qxd6 11. O-O O-O 12. c4 dxc4 13. Bxc4 b6 14. Qe2
Bb7 15. Rac1 Rac8 16. Ba6 Bxa6 17. Qxa6 Rc7 18. h3 h6 19. Rfd1 Rfc8 20. e4 Qd8
21. Rb1 Ne7 22. Ne5 f6 23. Nf3 f5 24. exf5 Nxf5 25. Qe2 Qd6 26. Re1 Rc2 27.
Qxe6+ Qxe6 28. Rxe6 Rxa2 29. Re5 Nd6 30. Re6 Ne8 31. d5 Rd8 32. d6 Kf7 33. Re7+
Kf8 34. Ne5 Rxd6 35. Rb7 Rdd2 36. Ng6+ Kg8 37. Re1 Re2 38. Rxe2 Rxe2 39. Rxa7
1/2-1/2

[Event "HEM Meister-Turnier"]
[Site "Frankfurt-Zeilsheim"]
[Date "2018.??.??"]
[Round "5.3"]
[White "Lubbe, Melanie"]
[Black "Zude, Arno"]
[Result "1-0"]
[WhiteElo "2312"]
[BlackElo "2372"]
[PlyCount "81"]
[EventDate "2018.??.??"]
[EventType "swiss"]
[EventRounds "9"]
[EventCountry "GER"]
[WhiteTeam "SF Neuberg"]
[BlackTeam "SV Hofheim"]

1. e4 e5 2. Nf3 Nc6 3. d4 exd4 4. Nxd4 Nf6 5. Nxc6 bxc6 6. e5 Qe7 7. Qe2 Nd5 8.
c4 Nb6 9. Nc3 Qe6 10. Qe4 Bb4 11. Bd2 Bxc3 12. Bxc3 d5 13. cxd5 cxd5 14. Qd4
O-O 15. Bd3 Bb7 16. O-O c5 17. Qxc5 d4 18. Bxd4 Bxg2 19. Kxg2 Qg4+ 20. Kh1 Qf3+
21. Kg1 Qg4+ 22. Kh1 Qf3+ 23. Kg1 Rac8 24. Qa3 Qg4+ 25. Kh1 Qf3+ 26. Kg1 Qg4+
27. Kh1 Qxd4 28. Rad1 Rfd8 29. Bf5 Nc4 30. Qh3 Nd2 31. Bxc8 Qd5+ 32. f3 Nxf1
33. Rxf1 Qxe5 34. b3 Qb2 35. Ba6 Qxa2 36. Bc4 Qa5 37. Qh4 Re8 38. Qf4 Qh5 39.
Rg1 h6 40. Qf6 g5 41. Rd1 1-0

[Event "HEM Meister-Turnier"]
[Site "Frankfurt-Zeilsheim"]
[Date "2018.??.??"]
[Round "5.5"]
[White "Lesny, Florian"]
[Black "Alber, Horst"]
[Result "1/2-1/2"]
[WhiteElo "2018"]
[BlackElo "2290"]
[PlyCount "29"]
[EventDate "2018.??.??"]
[EventType "swiss"]
[EventRounds "9"]
[EventCountry "GER"]
[WhiteTeam "SK Niederbrechen"]
[BlackTeam "SK Marburg"]

1. e4 g6 2. d4 Bg7 3. Nc3 d6 4. Nf3 c6 5. a4 Nf6 6. Be2 O-O 7. O-O Nbd7 8. a5
e5 9. dxe5 dxe5 10. Qd6 Ne8 11. Qa3 Nc7 12. Be3 Ne6 13. Rfd1 Re8 14. Bc4 Bf8
15. Qa2 1/2-1/2

[Event "HEM Meister-Turnier"]
[Site "Frankfurt-Zeilsheim"]
[Date "2018.??.??"]
[Round "5.6"]
[White "Lutz, Klaus Juergen"]
[Black "Dorst, Johannes"]
[Result "1-0"]
[WhiteElo "2251"]
[BlackElo "2269"]
[PlyCount "95"]
[EventDate "2018.??.??"]
[EventType "swiss"]
[EventRounds "9"]
[EventCountry "GER"]
[WhiteTeam "SF Neuberg"]
[BlackTeam "SK Marburg"]

1. e4 c5 2. Nf3 d6 3. d4 cxd4 4. Nxd4 Nf6 5. Nc3 a6 6. a4 e5 7. Nf3 h6 8. Bc4
Be7 9. O-O O-O 10. Qe2 Nc6 11. h3 Be6 12. Rd1 Rc8 13. Bd5 Qc7 14. Be3 Nb4 15.
a5 Nfxd5 16. exd5 Bf5 17. Rd2 Qc4 18. Qd1 Bd7 19. Na4 Nxc2 20. Nb6 Nxe3 21.
fxe3 Qb5 22. Rd3 Bf5 23. Nxc8 Bxc8 24. Rb3 Qc4 25. Rc3 Qe4 26. Ra4 Qg6 27. Qc2
Bf5 28. e4 Bd7 29. Rb4 Bb5 30. Qf2 Bd8 31. Ra3 f5 32. Nh4 Bxh4 33. Qxh4 fxe4
34. Rg3 Qf6 35. Qxe4 Qd8 36. Rbb3 Rf7 37. Qg6 Qf6 38. Qe4 Qf4 39. Qg6 e4 40.
Rbc3 Bd7 41. Rge3 Qf1+ 42. Kh2 Bf5 43. Qxd6 Rf6 44. Qe5 Kh7 45. Rc7 Bg6 46. d6
Qf5 47. Rxe4 Qf1 48. Rd4 1-0

[Event "HEM Meister-Turnier"]
[Site "Frankfurt-Zeilsheim"]
[Date "2018.??.??"]
[Round "5.7"]
[White "Everett, Elijah"]
[Black "Krastev, Alexander"]
[Result "1/2-1/2"]
[WhiteElo "2160"]
[BlackElo "2202"]
[PlyCount "59"]
[EventDate "2018.??.??"]
[EventType "swiss"]
[EventRounds "9"]
[EventCountry "GER"]
[WhiteTeam "SF Schöneck"]
[BlackTeam "Biebertaler SF"]

1. e4 e5 2. Nf3 Nc6 3. Bb5 a6 4. Ba4 Nf6 5. O-O Be7 6. Re1 b5 7. Bb3 O-O 8. h3
d6 9. c3 Nb8 10. d4 Nbd7 11. Nbd2 Bb7 12. Bc2 Re8 13. d5 c6 14. c4 Qc7 15. b3
Rec8 16. dxc6 Qxc6 17. Bb2 b4 18. Nf1 Bf8 19. Ng3 a5 20. a3 Nc5 21. a4 Re8 22.
Bc1 h6 23. Nh4 g6 24. Qf3 Nh7 25. Qe2 Ng5 26. Nf3 Nge6 27. Be3 Bg7 28. Qd2 Kh7
29. Rad1 Rad8 30. Kh2 1/2-1/2

[Event "HEM Meister-Turnier"]
[Site "Frankfurt-Zeilsheim"]
[Date "2018.??.??"]
[Round "5.8"]
[White "Meyner, Hannes"]
[Black "Bethke, Richard"]
[Result "0-1"]
[WhiteElo "2181"]
[BlackElo "2193"]
[PlyCount "110"]
[EventDate "2018.??.??"]
[EventType "swiss"]
[EventRounds "9"]
[EventCountry "GER"]
[WhiteTeam "TG Wehlheiden"]
[BlackTeam "SF Neuberg"]

1. d4 d5 2. c4 e6 3. Nc3 Nf6 4. cxd5 exd5 5. Bg5 Be7 6. e3 Nbd7 7. Bd3 c6 8.
Qc2 O-O 9. Nge2 Re8 10. O-O Nf8 11. Rad1 Nh5 12. Bxe7 Qxe7 13. e4 dxe4 14. Bxe4
Nf6 15. Bf3 Ne6 16. Qc1 h6 17. h4 Nc7 18. Qf4 Be6 19. g4 Ncd5 20. Qg3 Nxc3 21.
Nxc3 Rad8 22. Rfe1 Qb4 23. g5 hxg5 24. hxg5 Nd5 25. Nxd5 Bxd5 26. Rxe8+ Rxe8
27. Bxd5 cxd5 28. Kg2 Qxb2 29. g6 Qe2 30. gxf7+ Kxf7 31. Rc1 Qe4+ 32. Qf3+
Qxf3+ 33. Kxf3 Kf6 34. Rc5 Ke6 35. a4 Kd6 36. Rc1 Re4 37. Rb1 b6 38. a5 Kc6 39.
axb6 axb6 40. Rg1 Re7 41. Rg5 b5 42. Rg6+ Kb7 43. Rd6 b4 44. Rxd5 Kb6 45. Rc5
Rc7 46. Re5 Rc4 47. Re6+ Ka5 48. d5 b3 49. d6 Rd4 50. Re3 b2 51. Rb3 Rd3+ 52.
Rxd3 b1=Q 53. Rd5+ Kb6 54. Ke3 Qe1+ 55. Kd3 Kc6 0-1

[Event "HEM Meister-Turnier"]
[Site "Frankfurt-Zeilsheim"]
[Date "2018.??.??"]
[Round "5.9"]
[White "Weber, Samuel"]
[Black "Bonnaire, Ulrich"]
[Result "1-0"]
[WhiteElo "2084"]
[BlackElo "2208"]
[PlyCount "45"]
[EventDate "2018.??.??"]
[EventType "swiss"]
[EventRounds "9"]
[EventCountry "GER"]
[WhiteTeam "SV Oberursel"]
[BlackTeam "SC Frankfurt-West"]

1. Nf3 Nf6 2. g3 d5 3. Bg2 Bf5 4. d3 e6 5. Nbd2 h6 6. O-O Be7 7. b3 c6 8. Bb2
Nbd7 9. c4 O-O 10. Qc2 Qb6 11. Rac1 Rfe8 12. Qb1 a5 13. a3 Bd6 14. e4 dxe4 15.
Nxe4 Nxe4 16. dxe4 Bh7 17. Rcd1 Nc5 18. Rxd6 Nxe4 19. Rd4 Nxg3 20. Qa1 Nf5 21.
Rg4 Bg6 22. Ne5 Bh5 23. Nd7 1-0

[Event "HEM Meister-Turnier"]
[Site "Frankfurt-Zeilsheim"]
[Date "2018.??.??"]
[Round "6.1"]
[White "Lubbe, Nikolas"]
[Black "Lubbe, Melanie"]
[Result "1/2-1/2"]
[WhiteElo "2453"]
[BlackElo "2312"]
[PlyCount "26"]
[EventDate "2018.??.??"]
[EventType "swiss"]
[EventRounds "9"]
[EventCountry "GER"]
[WhiteTeam "SF Neuberg"]
[BlackTeam "SF Neuberg"]

1. e4 e5 2. Nf3 Nc6 3. Bb5 a6 4. Ba4 Nf6 5. O-O b5 6. Bb3 Be7 7. Re1 d6 8. h3
O-O 9. c3 Bb7 10. d4 Re8 11. Ng5 Rf8 12. Nf3 Re8 13. Ng5 Rf8 1/2-1/2